Top 20 biggest cities in Wales - Statistics

General Stats
  • This quiz has been taken 44 times
  • The average score is 9 of 20
Answer Stats
Answer Population % Correct
Cardiff 349,780
100%
Swansea 178,118
100%
Newport 139,383
95%
Wrexham 61,062
92%
Rhyl 26,992
56%
Barry 56,587
46%
Llanelli 44,384
46%
Merthyr Tydfil 43,565
46%
Neath 50,562
46%
Caerphilly 41,287
44%
Bridgend 49,597
41%
Port Talbot 37,372
38%
Colwyn Bay 29,268
31%
Cwmbran 48,117
31%
Pontypridd 31,034
31%
Aberdare 31,335
26%
Penarth 28,876
23%
Pontypool 28,604
23%
Blackwood 23,794
21%
Buckley 19,703
13%
No matching quizzes found
Score Distribution
Percent of People with Each Score
Percentile by Number Answered
Your Score History
You have not taken this quiz